[Event "34th World Open"]
[Site "Philadelphia USA"]
[Date "2006.06.29"]
[Round "2"]
[White "Perelshteyn,E"]
[Black "Mac Intyre,P"]
[Result "1-0"]
[WhiteElo "2526"]
[BlackElo "2298"]
[EventDate "2006.06.28"]

1. c4 Nf6 2. Nc3 g6 3. g3 Bg7 4. Bg2 O-O 5. Nf3 d6 6. O-O c6 7. Rb1 d5 8.
cxd5 cxd5 9. d3 Nc6 10. b4 d4 11. Na4 Nd5 12. b5 Na5 13. Bd2 b6 14. Bxa5
bxa5 15. Qb3 e6 16. Qc4 Qf6 17. Nc5 Rb8 18. Ne4 Qd8 19. Nxd4 Nb6 20. Nc6
Nxc4 21. Nxd8 Na3 22. Nc6 Rxb5 23. Rxb5 Nxb5 24. Nxa5 f5 25. Nc5 Nc3 26. e3
Nxa2 27. Nc6 Rf7 28. d4 Nc3 29. Ra1 Nb5 30. Ra5 a6 31. Nxa6 Bxa6 32. Rxa6
Nc7 33. Rb6 Bf6 34. Rb8+ Rf8 35. Rb7 Rf7 36. Bf1 Nd5 37. Rb8+ Rf8 38. Rb5
Rc8 39. Rc5 Rc7 40. Bc4 Kf7 41. Bxd5 exd5 42. Kf1 Ke6 43. Ke2 Kd6 44. Na5
Rxc5 45. Nb7+ Kc6 46. Nxc5 Kb5 47. Nd7 Be7 48. h4 Kc6 49. Ne5+ Kb5 50. Kd3
Bb4 51. Nf7 Be1 52. Ke2 Bb4 53. Ng5 h6 54. Nf7 Bf8 55. f4 1-0

[Event "34th World Open"]
[Site "Philadelphia USA"]
[Date "2006.06.29"]
[Round "2"]
[White "Smith,Bry"]
[Black "Friedman,J"]
[Result "1-0"]
[WhiteElo "2384"]
[BlackElo "2207"]
[EventDate "2006.06.28"]

1. e4 e6 2. d3 d5 3. Qe2 c5 4. Nf3 Nf6 5. g3 Be7 6. Bg2 Nc6 7. O-O h6 8.
Re1 g5 9. exd5 Nxd5 10. Nc3 Nxc3 11. bxc3 Bf6 12. d4 cxd4 13. Nxd4 Nxd4 14.
cxd4 Bxd4 15. Bb2 Qb6 16. Bxd4 Qxd4 17. Qb5+ Ke7 18. Rad1 Qb6 19. Qe5 Bd7
20. Rb1 f6 21. Qe4 Qa6 22. Qb4+ Kf7 23. Bxb7 Qxa2 24. Bxa8 Rxa8 25. Qd6 Qd5
26. Qxd5 exd5 27. Rb7 Rd8 28. Rd1 Ke6 29. Rxa7 h5 30. Ra6+ Ke5 31. Re1+ Kd4
32. Rd6 Kc5 33. Rxf6 Ba4 34. Rf5 Kc4 35. Re2 g4 36. Rxh5 Kc3 37. Rh7 Bb5
38. Rc7+ Bc4 39. h3 gxh3 40. Kh2 Kb2 41. Rd2 Kc1 42. Rd4 Re8 43. Rcxc4 1-0

[Event "34th World Open"]
[Site "Philadelphia USA"]
[Date "2006.06.29"]
[Round "2"]
[White "Ivanov,AV USA"]
[Black "Bick,J"]
[Result "1-0"]
[WhiteElo "2588"]
[BlackElo "2238"]
[EventDate "2006.06.28"]

1. e4 e5 2. Nf3 Nf6 3. Nxe5 d6 4. Nf3 Nxe4 5. d4 d5 6. Bd3 Bd6 7. O-O O-O
8. Re1 Bf5 9. Nc3 Nxc3 10. bxc3 Bg4 11. Rb1 b6 12. h3 Bh5 13. c4 c6 14.
cxd5 cxd5 15. c4 Nc6 16. cxd5 Nb4 17. Be4 Re8 18. Bd2 Rxe4 19. Rxe4 Bg6 20.
Rh4 Nxd5 21. Rc1 Be7 22. Rg4 Bf5 23. Rg3 Bd6 24. Ne5 f6 25. Qf3 Be6 26. Bh6
Bf8 27. Nd3 Kh8 28. Bd2 a5 29. h4 Rc8 30. h5 Rxc1+ 31. Bxc1 Qc7 32. h6 g6
33. Qe4 Bf7 34. Rf3 g5 35. Bxg5 fxg5 36. Ne5 Nc3 37. Nxf7+ Kg8 38. Qe6 Be7
39. Nxg5+ Kh8 40. Nf7+ 1-0

[Event "34th World Open"]
[Site "Philadelphia USA"]
[Date "2006.06.29"]
[Round "2"]
[White "Friedel,J"]
[Black "Figler,I"]
[Result "1/2-1/2"]
[WhiteElo "2465"]
[BlackElo "2359"]
[EventDate "2006.06.28"]

1. e4 c6 2. d4 d5 3. exd5 cxd5 4. c4 Nf6 5. Nc3 e6 6. Nf3 Bb4 7. cxd5 Nxd5
8. Qc2 Nc6 9. Be2 Nf6 10. O-O h6 11. a3 Ba5 12. Rd1 O-O 13. Ne4 Bb6 14. Nc5
Qc7 15. Be3 Ng4 16. Rac1 Nxe3 17. fxe3 a5 18. Bb5 Ne7 19. Qe4 Qd8 20. Ne5
Bxc5 21. dxc5 Nd5 22. Bc4 Nf6 23. Qd4 Qc7 24. Bb5 a4 25. Nc4 e5 26. Qxe5
Qxe5 27. Nxe5 Ra5 28. Bc4 Be6 29. Bxe6 fxe6 30. Rd4 Nd5 31. e4 Nf4 32. Rd2
Rc8 33. Rdc2 Kh7 34. Kf2 Rb5 35. g3 Nh3+ 36. Ke3 Rb3+ 37. Nd3 Rd8 38. Rc3
Rb5 39. Rc4 Ra5 40. Rb4 Rd7 41. Rcc4 Ra8 42. Rxa4 Rf8 43. Nf4 Nxf4 44. gxf4
Rd1 45. Ra7 Rfd8 46. Rc3 R1d2 47. Rxb7 Rxh2 48. e5 Rh3+ 49. Ke4 Rxc3 50.
bxc3 Rc8 51. Kd4 h5 52. a4 h4 53. a5 h3 54. Rb2 Kg6 55. a6 Kf5 56. Ra2 Kxf4
57. a7 Ra8 58. c6 g5 59. c7 g4 60. c8=Q Rxc8 61. a8=Q Rxa8 62. Rxa8 h2 63.
Rf8+ Kg5 64. Rg8+ Kf4 65. Rf8+ Kg5 1/2-1/2

[Event "34th World Open"]
[Site "Philadelphia USA"]
[Date "2006.06.29"]
[Round "2"]
[White "Dejmek,M"]
[Black "Lopez,B"]
[Result "1-0"]
[WhiteElo "2185"]
[BlackElo "2411"]
[EventDate "2006.06.28"]

1. e4 e5 2. Nf3 Nc6 3. Bb5 a6 4. Ba4 Nf6 5. O-O b5 6. Bb3 Bc5 7. c3 d6 8.
a4 Bg4 9. h3 Bh5 10. d3 Rb8 11. Re1 O-O 12. Nbd2 d5 13. Qe2 Bg6 14. Nh4 Bh5
15. Nhf3 d4 16. g4 dxc3 17. bxc3 Bg6 18. axb5 axb5 19. Bb2 Qd7 20. Nf1 Rbd8
21. Red1 Kh8 22. d4 exd4 23. cxd4 Be7 24. d5 Nb4 25. Ne5 Qe8 26. Ng3 Bd6
27. Nxg6+ fxg6 28. e5 Nfxd5 29. exd6 Rxd6 30. Qxe8 Rxe8 31. Ba3 Rdd8 32.
Bxb4 Nxb4 33. Ne4 h6 34. Nc5 c6 35. Bf7 Rf8 36. Bxg6 Rxd1+ 37. Rxd1 Nd5 38.
Bf5 Nf4 39. Kh2 g6 40. Be4 1-0

[Event "34th World Open"]
[Site "Philadelphia USA"]
[Date "2006.06.29"]
[Round "2"]
[White "Coleman,T"]
[Black "Bartholomew,J"]
[Result "1-0"]
[WhiteElo "2215"]
[BlackElo "2406"]
[EventDate "2006.06.28"]

1. d4 Nf6 2. c4 c5 3. d5 b5 4. cxb5 a6 5. f3 axb5 6. e4 Qa5+ 7. Bd2 b4 8.
Na3 d6 9. Nc4 Qc7 10. Bd3 g6 11. Ne2 Bg7 12. a3 bxa3 13. bxa3 O-O 14. O-O
Nbd7 15. Qc2 Ba6 16. Rfb1 Qa7 17. Kh1 Ne8 18. Bc3 Bxc3 19. Nxc3 Nc7 20. a4
Rfb8 21. Be2 Rb4 22. Na5 Bd3 23. Bxd3 Qxa5 24. h3 h5 25. f4 Nb6 26. f5
Rxb1+ 27. Rxb1 Nxa4 28. Ne2 g5 29. Qc1 f6 30. h4 c4 31. Bxc4 Nc5 32. Ng3
Qa3 33. Qe1 Kf7 34. hxg5 fxg5 35. e5 Ra4 36. e6+ Kf8 37. Rb8+ Kg7 38. Nxh5+
Kh7 39. f6 Rxc4 40. f7 Rc1 41. Rh8+ Kg6 42. f8=Q Rxe1+ 43. Kh2 Rh1+ 44.
Kxh1 Qa1+ 45. Kh2 Qe5+ 46. Ng3 1-0

[Event "34th World Open"]
[Site "Philadelphia USA"]
[Date "2006.06.29"]
[Round "2"]
[White "Adu,O"]
[Black "Airapetian,C"]
[Result "1-0"]
[WhiteElo "2296"]
[BlackElo "2130"]
[EventDate "2006.06.28"]

1. e4 e5 2. Nf3 Nc6 3. Bb5 a6 4. Ba4 Nf6 5. Qe2 b5 6. Bb3 Bc5 7. c3 d6 8.
O-O Be6 9. Bxe6 fxe6 10. a4 b4 11. Qc4 Qe7 12. d4 Na5 13. Qd3 exd4 14. cxd4
Bb6 15. Bg5 Qf7 16. Nbd2 O-O 17. Rac1 Qg6 18. Qe2 Nh5 19. Rfe1 e5 20. dxe5
dxe5 21. Kh1 Kh8 22. Be7 Nf4 23. Qf1 Rfd8 24. Bxd8 Rxd8 25. Nxe5 Qf6 26.
Ndf3 Bd4 27. Red1 c5 28. Rxc5 Nb3 29. Rc6 Qf8 30. Rc7 Bxe5 31. Nxe5 Re8 32.
Nf7+ Kg8 33. Ng5 h6 34. Qc4+ Kh8 35. Nf7+ Kh7 36. Qxb3 a5 37. g3 Ne6 38.
Ra7 Nc5 39. Qf3 Ne6 40. Qf5+ Kg8 41. Nxh6+ 1-0

[Event "34th World Open"]
[Site "Philadelphia USA"]
[Date "2006.06.29"]
[Round "2"]
[White "Bonin,J"]
[Black "Fink,S"]
[Result "0-1"]
[WhiteElo "2299"]
[BlackElo "2174"]
[EventDate "2006.06.28"]

1. d4 Nc6 2. Nf3 d6 3. d5 Nb8 4. c4 g6 5. h3 Bg7 6. e4 Nf6 7. Nc3 O-O 8.
Bd3 c6 9. Be3 e6 10. O-O Re8 11. Qd2 e5 12. dxc6 Nxc6 13. Rfd1 Be6 14. Be2
Na5 15. b3 Nc6 16. Qxd6 Qa5 17. Qd2 Red8 18. Nd5 Qa3 19. Bd3 Ne8 20. Bh6
Bh8 21. Rac1 Qc5 22. a3 Qd6 23. c5 Qb8 24. Bc4 Bg7 25. b4 Rd7 26. Bxg7 Kxg7
27. Qc3 f6 28. Nxf6 Nxf6 29. Bxe6 Nd4 30. Nxd4 exd4 31. Rxd4 Rxd4 32. Qxd4
Qf4 33. Rd1 Rf8 34. e5 Qxd4 35. Rxd4 Nh5 36. Rd7+ Kh6 37. Bf7 Nf4 38. e6
Kg7 39. e7 Kxf7 40. exf8=Q+ Kxf8 41. Rxb7 0-1

[Event "34th World Open"]
[Site "Philadelphia USA"]
[Date "2006.06.29"]
[Round "2"]
[White "Hook,W"]
[Black "La Rota,F"]
[Result "0-1"]
[WhiteElo "2109"]
[BlackElo "2296"]
[EventDate "2006.06.28"]

1. d4 d5 2. Nf3 Nf6 3. c4 e6 4. Nc3 Nbd7 5. Bg5 Bb4 6. e3 c5 7. Qc2 Qa5 8.
Bxf6 Nxf6 9. Bd3 dxc4 10. Bxc4 cxd4 11. Nxd4 Bd7 12. Rc1 Rc8 13. Qd3 O-O
14. O-O Rfd8 15. Qe2 a6 16. Nb3 Qg5 17. Nb1 Nd5 18. a3 Bd6 19. g3 Nb6 20.
Bd3 Na4 21. Nd4 Bc5 22. b3 Nb6 23. Nf3 Qf6 24. b4 Bf8 25. Nfd2 Qb2 26. Nc4
Nxc4 27. Bxc4 Qf6 28. Rfd1 Bc6 29. e4 Qe5 30. Bd3 Ba4 31. Qd2 Bxd1 0-1

[Event "34th World Open"]
[Site "Philadelphia USA"]
[Date "2006.06.29"]
[Round "2"]
[White "Saint Amand,P"]
[Black "Samuelson,A"]
[Result "1/2-1/2"]
[WhiteElo "2126"]
[BlackElo "2194"]
[EventDate "2006.06.28"]

1. e4 c5 2. c3 g6 3. d4 cxd4 4. cxd4 d5 5. e5 Bg7 6. Nf3 Bg4 7. Be2 Bxf3 8.
Bxf3 Nc6 9. Nc3 e6 10. Be3 Nge7 11. O-O Nf5 12. Qd2 O-O 13. Bg4 f6 14. Bxf5
gxf5 15. f4 Rf7 16. Rad1 Bf8 17. Qe2 Rc8 18. Rf3 Na5 19. Bf2 fxe5 20. Qxe5
Qf6 21. Qe1 Rd7 22. Bh4 Qf7 23. Rg3+ Bg7 24. Rdd3 Nc6 25. Ne2 Kh8 26. h3
Rdc7 27. Kh2 a5 28. a3 b5 29. Rge3 a4 30. Rd1 Qd7 31. Qd2 Qd6 32. Rc3 Na5
33. Rxc7 Qxc7 34. Qe3 Qc6 35. Rc1 Nc4 36. Qg1 Qd7 37. Rc2 Rb8 38. Be1 Bf8
39. Bc3 b4 40. axb4 Bxb4 41. Qe1 Qd6 42. Qh4 Qe7 43. Qf2 Bd6 44. Nc1 Qc7
45. Nd3 Rb3 46. Nc5 Bxf4+ 47. g3 Be3 48. Qg2 f4 49. Nxb3 fxg3+ 50. Kh1 axb3
51. Re2 Qg7 52. Qf3 Qh6 53. Qxg3 Bf4 54. Qf3 Bd6 55. Rf2 Be7 56. Kh2 Bd6+
57. Kh1 Be7 58. Kh2 Bd6+ 1/2-1/2

[Event "34th World Open"]
[Site "Philadelphia USA"]
[Date "2006.06.29"]
[Round "2"]
[White "Cooke,E"]
[Black "Harris,Da"]
[Result "0-1"]
[WhiteElo "2210"]
[BlackElo "2173"]
[EventDate "2006.06.28"]

1. e4 c5 2. Nf3 d6 3. d4 Nf6 4. Nc3 cxd4 5. Nxd4 a6 6. Be3 e5 7. Nb3 Be6 8.
Be2 Be7 9. f4 exf4 10. Bxf4 Nc6 11. O-O O-O 12. Kh1 Ne5 13. Nd4 Rc8 14.
Nxe6 fxe6 15. Qd4 Nc6 16. Qd2 Kh8 17. Rad1 e5 18. Be3 Qa5 19. Bf3 Qb4 20.
Nd5 Qxd2 21. Bxd2 Nxd5 22. exd5 Nd4 23. Be4 Rf6 24. c3 Nb5 25. Rxf6 Bxf6
26. Kg1 g6 27. Be3 Kg7 28. a4 Rc4 29. Bc2 Nxc3 30. bxc3 Rxc3 31. Rb1 Rxe3
32. Rxb7+ Kh6 33. Rb3 Re2 34. Bd3 Ra2 35. Rb6 e4 36. Bb1 Bd4+ 37. Kf1 Rf2+
0-1

[Event "34th World Open"]
[Site "Philadelphia USA"]
[Date "2006.06.29"]
[Round "2"]
[White "Strenzwilk,D"]
[Black "Onyekwere,C"]
[Result "1-0"]
[WhiteElo "2100"]
[BlackElo "2075"]
[EventDate "2006.06.28"]

1. e4 c5 2. Nf3 d6 3. Nc3 Nf6 4. e5 dxe5 5. Nxe5 a6 6. a4 Nbd7 7. Nc4 Nb6
8. Qf3 Be6 9. Nxb6 Qxb6 10. a5 Qc7 11. d3 Bg4 12. Qf4 e5 13. Qe3 Be7 14.
Be2 O-O 15. O-O Rad8 16. Bf3 Rfe8 17. h3 Bc8 18. b3 c4 19. bxc4 Bb4 20. Bb2
Bxa5 21. Nd5 Nxd5 22. Bxd5 Bb6 23. Qg3 Kh8 24. Rfe1 f6 25. Qf3 Bc5 26. Re2
Rf8 27. Rae1 b5 28. Qh5 b4 29. Be4 f5 30. Bd5 Bd4 31. Bxd4 exd4 32. g3 Qd6
33. Re7 Qf6 34. f4 h6 35. Kf2 Bd7 36. R1e6 Bxe6 37. Rxe6 a5 38. Rxf6 Rxf6
39. Qe2 a4 40. Qe7 Rfd6 41. Qa7 a3 42. Qa5 Rb8 43. Qa4 Kh7 44. Ke2 Rdb6 45.
c5 Rb5 46. Qa7 Rc8 47. Be6 Rbxc5 48. Bxc8 Rxc2+ 49. Kd1 Rxc8 50. Qa5 Rb8
51. Kc1 Kh8 52. Kb1 Kg8 53. Qc7 Re8 54. Qc4+ Kh8 55. Qxb4 Re3 56. Qxa3 Rxg3
57. Qf8+ Kh7 58. Qxf5+ Kh8 59. Kc2 Rg1 60. Kb2 Re1 61. h4 Rh1 62. h5 Rf1
63. Qe5 Rf2+ 64. Kb3 Rh2 65. Kc4 Ra2 66. Kxd4 Ra4+ 67. Ke3 Ra3 68. f5 Ra6
69. Qe8+ Kh7 70. Ke4 Ra1 71. Qg6+ Kh8 72. f6 Re1+ 73. Kd5 gxf6 74. Qxh6+
Kg8 75. Qg6+ Kf8 76. Qxf6+ Ke8 77. h6 Re7 78. Qxe7+ 1-0

[Event "34th World Open"]
[Site "Philadelphia USA"]
[Date "2006.06.30"]
[Round "3"]
[White "Hess,Ro"]
[Black "Dejmek,M"]
[Result "0-1"]
[WhiteElo "2354"]
[BlackElo "2185"]
[EventDate "2006.06.28"]

1. e4 c5 2. Nc3 Nc6 3. g3 g6 4. Bg2 Bg7 5. d3 d6 6. f4 Nh6 7. h3 f5 8. Nge2
O-O 9. Be3 Rb8 10. Qd2 Nd4 11. a4 a6 12. a5 b5 13. axb6 Rxb6 14. b3 Nxe2
15. Kxe2 Nf7 16. Ra4 Rb8 17. exf5 gxf5 18. Kf2 e6 19. Rd1 Qe7 20. d4 Bb7
21. d5 e5 22. fxe5 Bxe5 23. Ne2 Rbe8 24. Nf4 Bc8 25. Nh5 Nh8 26. Bg5 Qf7
27. Bf3 f4 28. Rxf4 Qg6 29. h4 h6 30. Rxf8+ Rxf8 31. Bf4 Bg4 32. Bxg4 Qxg4
33. Qe2 Qh3 34. Kg1 Ng6 35. Bxe5 Nxe5 36. Nf4 Qxg3+ 37. Qg2 Nf3+ 38. Kh1
Qxg2+ 39. Nxg2 Nd4 40. Ra1 Nxc2 41. Rxa6 Rf6 42. Kh2 Nb4 43. Ra8+ Kg7 44.
Ne3 Rf2+ 45. Kg3 Rb2 46. Kf4 Rxb3 47. Nf5+ Kg6 48. Nxd6 Nxd5+ 49. Ke5 Nf6
50. Rc8 Re3+ 0-1

[Event "34th World Open"]
[Site "Philadelphia USA"]
[Date "2006.06.30"]
[Round "3"]
[White "Markzon,G"]
[Black "Gagunashvili,M"]
[Result "1-0"]
[WhiteElo "2231"]
[BlackElo "2560"]
[EventDate "2006.06.28"]

1. e4 d6 2. d4 Nf6 3. Nc3 g6 4. Be3 c6 5. h3 b5 6. e5 Nfd7 7. f4 Bg7 8. Nf3
Nb6 9. a4 b4 10. Ne4 a5 11. Bd3 Na6 12. O-O Nc7 13. Qe2 O-O 14. Ng3 Nbd5
15. Bd2 Ne6 16. f5 Nxd4 1-0

[Event "34th World Open"]
[Site "Philadelphia USA"]
[Date "2006.06.30"]
[Round "3"]
[White "Kudrin,S"]
[Black "Mulyar,M"]
[Result "1-0"]
[WhiteElo "2553"]
[BlackElo "2391"]
[EventDate "2006.06.28"]

1. e4 e5 2. Nf3 Nc6 3. Bc4 Bc5 4. c3 Nf6 5. d3 d6 6. Nbd2 a6 7. Bb3 O-O 8.
O-O Ba7 9. Nc4 h6 10. a4 Be6 11. a5 Re8 12. Be3 Bxe3 13. fxe3 d5 14. exd5
Qxd5 15. d4 e4 16. Nfd2 Qg5 17. Qe2 Rad8 18. Bc2 h5 19. Rf4 Nd5 20. Rxe4 f5
21. Nf3 Qf6 22. Rh4 Bf7 23. Nce5 Nxe5 24. dxe5 Qh6 25. Bxf5 Qxe3+ 26. Qxe3
Nxe3 27. Be4 c6 28. Re1 Nc4 29. b4 Nd2 30. Bf5 g6 31. Bh3 Nxf3+ 32. gxf3
Bd5 33. Kf2 Kg7 34. Bg2 g5 35. Rd4 Kf7 36. h4 gxh4 37. Rxh4 Kg6 38. Bh3 c5
39. bxc5 Be6 40. Bxe6 Rxe6 41. Rg1+ Kh6 42. Rd4 1-0

[Event "34th World Open"]
[Site "Philadelphia USA"]
[Date "2006.06.30"]
[Round "3"]
[White "Sandipan,C"]
[Black "Coupet,P"]
[Result "1-0"]
[WhiteElo "2546"]
[BlackElo "2283"]
[EventDate "2006.06.28"]

1. e4 e6 2. d4 d5 3. e5 c5 4. c3 Qb6 5. Nf3 Nc6 6. a3 Nh6 7. b4 cxd4 8.
cxd4 Nf5 9. Bb2 Bd7 10. g4 Nfe7 11. Nc3 h5 12. Na4 Qd8 13. Nc5 Bc8 14. g5
Nf5 15. Rc1 Be7 16. h4 O-O 17. Nd3 Bd7 18. Nf4 g6 19. Bd3 a5 20. b5 Na7 21.
a4 Ng7 22. Qb3 Nc8 23. Ke2 Nb6 24. Ba3 Bxa3 25. Qxa3 Rc8 26. Nd2 Nf5 27.
Bxf5 exf5 28. Rxc8 Bxc8 29. Ra1 Re8 30. Qc3 Na8 31. Nb3 b6 32. Qc6 Bd7 33.
Qb7 Nc7 34. Qxb6 1-0

[Event "34th World Open"]
[Site "Philadelphia USA"]
[Date "2006.06.30"]
[Round "3"]
[White "Lamastus Candal,J"]
[Black "Stephan,Ax"]
[Result "0-1"]
[WhiteElo "2225"]
[BlackElo "2239"]
[EventDate "2006.06.28"]

1. e4 c5 2. Nf3 e6 3. d4 cxd4 4. Nxd4 Nf6 5. Nc3 d6 6. Be3 a6 7. g4 h6 8.
h3 Qc7 9. f4 b5 10. Bg2 Bb7 11. a3 g6 12. Qd2 Nbd7 13. Qf2 Nc5 14. e5 Nfe4
15. Nxe4 Nxe4 16. Bxe4 Bxe4 17. exd6 Bxd6 18. O-O h5 19. g5 O-O 20. c3 Rfe8
21. Rae1 Rac8 22. Qd2 Rcd8 23. Rd1 Ba8 24. Qf2 Qb7 25. Nf3 Bc7 26. Rxd8
Rxd8 27. Kh2 Rd5 28. Ne1 Rd1 29. Ng2 Rxf1 30. Qxf1 Qe4 31. Qf2 Bd5 32. Kg1
Qf5 33. h4 Qh3 0-1

[Event "34th World Open"]
[Site "Philadelphia USA"]
[Date "2006.06.30"]
[Round "3"]
[White "Torres,Jon"]
[Black "Zaikov,O"]
[Result "0-1"]
[WhiteElo "2050"]
[BlackElo "2391"]
[EventDate "2006.06.28"]

1. e4 c5 2. Nf3 d6 3. d4 cxd4 4. Nxd4 Nf6 5. Nc3 a6 6. Bc4 e6 7. Bb3 Nbd7
8. Bg5 Nc5 9. Qf3 Be7 10. O-O-O Bd7 11. Rhe1 O-O 12. Qg3 Qc7 13. Bh6 Ne8
14. Nf5 Nxb3+ 15. axb3 exf5 16. Nd5 Qd8 17. exf5 Bf6 18. Bxg7 Nxg7 19. Qxd6
Bg5+ 20. f4 Bxf5 21. Qe5 0-1

[Event "34th World Open"]
[Site "Philadelphia USA"]
[Date "2006.06.30"]
[Round "3"]
[White "Peric,Sl"]
[Black "Harika,D"]
[Result "1/2-1/2"]
[WhiteElo "2288"]
[BlackElo "2358"]
[EventDate "2006.06.28"]

1. d4 Nf6 2. Nf3 e6 3. e3 b6 4. Bd3 Bb7 5. O-O Be7 6. c4 O-O 7. Nc3 d5 8.
cxd5 exd5 9. Qe2 c5 10. b3 Nc6 11. dxc5 bxc5 12. Ba6 Bxa6 13. Qxa6 Nb4 14.
Qe2 Ne4 15. Bb2 Bf6 16. Na4 Bxb2 17. Qxb2 Nd3 18. Qc2 Nb4 19. Qb2 Nd3 20.
Qc2 1/2-1/2

[Event "34th World Open"]
[Site "Philadelphia USA"]
[Date "2006.06.30"]
[Round "3"]
[White "Meenakshi,S1"]
[Black "Zapata,A"]
[Result "1/2-1/2"]
[WhiteElo "2282"]
[BlackElo "2470"]
[EventDate "2006.06.28"]

1. d4 Nf6 2. c4 d6 3. Nc3 Nbd7 4. Nf3 c6 5. g3 e5 6. Bg2 Be7 7. O-O O-O 8.
Qc2 Re8 9. b3 Bf8 10. e4 a6 11. Bb2 b5 12. d5 cxd5 13. cxd5 Qc7 14. Rac1
Qb8 15. Ne1 Nc5 16. b4 Ncd7 17. Nd3 Nb6 18. Nb1 Bd7 19. Nd2 Rc8 20. Qb3 Qa7
21. Rxc8 Rxc8 22. Rc1 Rxc1+ 23. Bxc1 Be7 24. Qc2 Bd8 25. h3 h5 26. Nf1 Nc4
27. Ne3 Qd4 28. Nxc4 bxc4 29. Nb2 c3 30. Nd1 Qxb4 31. Nxc3 Ba5 32. Bd2 Qc5
33. Qd3 Ne8 34. Nd1 Bb5 35. Qe3 Qxe3 36. Bxe3 Nf6 37. Bg5 Nd7 38. Bf1 Nc5
39. f3 Be1 40. g4 hxg4 41. hxg4 Na4 42. Bxb5 axb5 43. Kf1 Bb4 44. Ke2 Kf8
45. Bd2 Bc5 46. Nc3 Nxc3+ 1/2-1/2

[Event "34th World Open"]
[Site "Philadelphia USA"]
[Date "2006.06.30"]
[Round "3"]
[White "Sarkar,J"]
[Black "Critelli,J"]
[Result "0-1"]
[WhiteElo "2355"]
[BlackElo "2170"]
[EventDate "2006.06.28"]

1. d4 Nf6 2. c4 e6 3. Nc3 Bb4 4. Qc2 O-O 5. a3 Bxc3+ 6. Qxc3 d6 7. Bg5 Nbd7
8. e3 h6 9. Bh4 b6 10. Ne2 Ba6 11. Qc2 c5 12. dxc5 bxc5 13. Nc3 Qa5 14.
O-O-O Qb6 15. Bg3 e5 16. Rd2 Rfd8 17. Be2 Bb7 18. Rhd1 Ne8 19. Nd5 Bxd5 20.
Rxd5 Rab8 21. R5d2 Qa6 22. f4 exf4 23. exf4 Rb6 24. Rd3 Rdb8 25. Re3 Nef6
26. Be1 Rxb2 27. Qxb2 Rxb2 28. Kxb2 Nb6 29. Bc3 Na4+ 30. Kc2 Nxc3 31. Rxc3
d5 32. Re1 Ne4 33. Re3 f5 34. cxd5 Qa4+ 35. Kb1 c4 36. Bf3 c3 37. R1e2 Qd1+
38. Ka2 c2 39. Re1 0-1

[Event "34th World Open"]
[Site "Philadelphia USA"]
[Date "2006.06.30"]
[Round "3"]
[White "Bartholomew,J"]
[Black "Francisco,R"]
[Result "1-0"]
[WhiteElo "2406"]
[BlackElo "2223"]
[EventDate "2006.06.28"]

1. e4 e5 2. Nf3 Nc6 3. Bb5 Nf6 4. O-O Nxe4 5. Re1 Nd6 6. Nxe5 Nxe5 7. Rxe5+
Be7 8. Nc3 O-O 9. Bd3 c6 10. b3 Ne8 11. Bb2 Bf6 12. Re1 d5 13. Ba3 Nd6 14.
Qh5 g6 15. Qf3 Be7 16. Re5 Be6 17. Rae1 Qd7 18. Bb2 Rfe8 19. Na4 b6 20. h3
Bd8 21. R5e2 Rc8 22. Ba6 Rc7 23. Be5 Qe7 24. Qf4 Rd7 25. Bd3 Qf8 26. c4
dxc4 27. bxc4 Nf5 28. Be4 Nd4 29. Re3 c5 30. Bd3 f6 31. Bxd4 Rxd4 32. Qf3
Qd6 33. Nc3 Bc7 34. g3 f5 35. Nb5 1-0

[Event "34th World Open"]
[Site "Philadelphia USA"]
[Date "2006.06.30"]
[Round "3"]
[White "Samuelson,A"]
[Black "Thaler,Mi"]
[Result "1-0"]
[WhiteElo "2194"]
[BlackElo "2125"]
[EventDate "2006.06.28"]

1. e4 c6 2. d4 d5 3. e5 c5 4. dxc5 Nc6 5. Nf3 Bg4 6. Bb5 e6 7. Be3 Nge7 8.
c3 Qa5 9. a4 Nf5 10. b4 Nxe3 11. fxe3 Qc7 12. Qd4 Bf5 13. Nbd2 a6 14. Bxc6+
bxc6 15. O-O Be7 16. e4 Bg6 17. exd5 cxd5 18. a5 O-O 19. Rae1 f6 20. Qe3
Rae8 21. Nd4 fxe5 22. Rxf8+ Bxf8 23. Qxe5 Qc8 24. N2f3 Bf7 25. Ng5 Be7 26.
Nxf7 Kxf7 27. Qxe6+ Qxe6 28. Rxe6 Bxc5 29. Rxe8 Bxd4+ 30. cxd4 Kxe8 31. b5
Kd7 32. b6 1-0

[Event "34th World Open"]
[Site "Philadelphia USA"]
[Date "2006.06.30"]
[Round "3"]
[White "Bick,J"]
[Black "Shapiro,D"]
[Result "0-1"]
[WhiteElo "2238"]
[BlackElo "2296"]
[EventDate "2006.06.28"]

1. d4 e6 2. c4 Nf6 3. Nc3 Bb4 4. e3 c5 5. Nge2 cxd4 6. exd4 O-O 7. a3 Be7
8. Nf4 Re8 9. Be2 d6 10. O-O Nbd7 11. b4 a6 12. Bb2 Qc7 13. d5 e5 14. Nd3
Nb6 15. c5 Nc4 16. Bc1 e4 17. Ne1 Ne5 18. Bg5 Bf5 19. Rc1 Rad8 20. c6 Rc8
21. b5 Qb8 22. a4 axb5 23. Bxf6 Bxf6 24. axb5 Re7 25. Na4 bxc6 26. dxc6 Ra7
27. f4 Nd3 28. Rb1 Bd4+ 29. Kh1 Nf2+ 30. Rxf2 Bxf2 31. b6 Ra5 32. c7 Qb7
33. Qxd6 h6 34. Nc5 Bxc5 35. Qe5 Bb4 36. Rxb4 Rxe5 37. fxe5 0-1

[Event "34th World Open"]
[Site "Philadelphia USA"]
[Date "2006.06.30"]
[Round "3"]
[White "Young,Z"]
[Black "Mirabile,T"]
[Result "0-1"]
[WhiteElo "2077"]
[BlackElo "2204"]
[EventDate "2006.06.28"]

1. e4 c5 2. Nf3 d6 3. d4 cxd4 4. Nxd4 Nf6 5. Nc3 a6 6. Be3 e6 7. f3 Be7 8.
g4 Nc6 9. Qd2 O-O 10. h4 Nxd4 11. Qxd4 b5 12. h5 Ne8 13. f4 Bh4+ 14. Bf2
Bxf2+ 15. Qxf2 b4 16. Nd1 Bb7 17. Bd3 Nf6 18. Qg2 d5 19. e5 Ne4 20. Nf2 Nc5
21. Qg3 Qa5 22. g5 b3+ 23. c3 d4 24. O-O dxc3 25. axb3 Qb6 26. bxc3 Qxb3
27. Rab1 Qd5 28. c4 Qc6 29. Bc2 Rad8 30. g6 fxg6 31. h6 gxh6 32. Kh2 Kg7
33. Rg1 Qf3 34. Rxb7+ Qxb7 35. Rb1 Qf7 36. f5 exf5 37. Qe3 Qc7 0-1

[Event "34th World Open"]
[Site "Philadelphia USA"]
[Date "2006.06.30"]
[Round "3"]
[White "Vescovi,G"]
[Black "Kudrin,S"]
[Result "1-0"]
[WhiteElo "2622"]
[BlackElo "2553"]
[EventDate "2006.06.28"]

1. e4 c5 2. Nf3 d6 3. d4 cxd4 4. Nxd4 Nf6 5. Nc3 g6 6. Be3 Bg7 7. f3 a6 8.
Bc4 b5 9. Bb3 Bb7 10. Qd2 h5 11. O-O-O Nbd7 12. a3 Rc8 13. Kb1 Ne5 14. Rhe1
O-O 15. Bh6 Bxh6 16. Qxh6 Rxc3 17. bxc3 Qc8 18. f4 Nc4 19. f5 g5 20. Bxc4
Qxc4 21. Rd3 b4 22. Rg3 g4 23. axb4 Rb8 24. h3 Bxe4 25. hxg4 h4 26. g5 Ng4
27. Qxh4 Nf2 28. g6 Rxb4+ 29. Kc1 fxg6 30. fxg6 1-0

[Event "34th World Open"]
[Site "Philadelphia USA"]
[Date "2006.06.30"]
[Round "3"]
[White "Mulyar,M"]
[Black "Taylor,T"]
[Result "1/2-1/2"]
[WhiteElo "2391"]
[BlackElo "2330"]
[EventDate "2006.06.28"]

1. c4 f5 2. d4 e6 3. g3 Nf6 4. Bg2 Be7 5. Nf3 O-O 6. O-O d6 7. Nc3 Ne4 8.
Nxe4 fxe4 9. Ne1 d5 10. f3 dxc4 11. fxe4 Rxf1+ 12. Bxf1 b5 13. a4 Bb7 14.
axb5 Bxe4 15. e3 Nd7 16. Bxc4 Nf6 17. Nd3 Bd5 18. Qb3 Bd6 19. Bd2 Qe8 20.
Bb4 Qxb5 21. Bxb5 Bxb3 22. Bc6 Rb8 23. Bxd6 cxd6 24. Rxa7 Bc4 25. Nf4 e5
26. dxe5 1/2-1/2

[Event "34th World Open"]
[Site "Philadelphia USA"]
[Date "2006.06.30"]
[Round "3"]
[White "Coupet,P"]
[Black "Steigman,A"]
[Result "1-0"]
[WhiteElo "2283"]
[BlackElo "2291"]
[EventDate "2006.06.28"]

1. e4 c5 2. c3 d5 3. exd5 Qxd5 4. Nf3 Nf6 5. Na3 e6 6. d4 Be7 7. Be3 Ng4 8.
Bd3 Nxe3 9. fxe3 O-O 10. Qc2 g6 11. h4 cxd4 12. exd4 f5 13. Nc4 Nd7 14.
O-O-O b5 15. Ne3 Qxa2 16. Bxb5 Nb6 17. Ne5 Bb7 18. Kd2 Be4 19. Bd3 Bxd3 20.
Nxd3 f4 21. Ng4 Qd5 22. Kc1 Nc4 23. Rde1 Rab8 24. Nge5 Ne3 25. Nxf4 Nxc2
26. Nxd5 exd5 27. Kxc2 Rf2+ 28. Kd3 Rbxb2 29. Nf3 Bf6 30. Re6 Kg7 31. Ra6
Rxg2 32. Rxa7+ Kf8 33. Rxh7 Rbf2 34. Ke3 Rc2 35. Ra1 Rxc3+ 36. Kf4 Kg8 37.
Rd7 Rc8 38. Ra6 Rd8 39. Rxd8+ Bxd8 40. Ra8 1-0

[Event "34th World Open"]
[Site "Philadelphia USA"]
[Date "2006.06.30"]
[Round "3"]
[White "Hansen,Er"]
[Black "Bennett,D"]
[Result "0-1"]
[WhiteElo "1835"]
[BlackElo "2093"]
[EventDate "2006.06.28"]

1. e4 c5 2. Nf3 d6 3. d4 cxd4 4. Nxd4 Nf6 5. Nc3 g6 6. Be3 Bg7 7. f3 Nc6 8.
Qd2 O-O 9. O-O-O d5 10. exd5 Nxd5 11. Nxc6 bxc6 12. Bd4 e5 13. Bc5 Be6 14.
Ne4 Re8 15. Ba6 Qc7 16. Kb1 Red8 17. g4 Rab8 18. Qe1 Nf4 19. Rxd8+ Qxd8 20.
g5 Bd5 21. h4 Ne6 22. Bf2 Nd4 23. Bxd4 exd4 24. b3 Qb6 25. Bd3 c5 26. Nd2
Qc6 27. Qf1 Qc7 28. Rg1 a5 29. a4 Qf4 30. Qe1 Bc6 31. Rg4 Qh2 32. Ne4 c4
33. Bxc4 d3 34. Bxd3 Rxb3+ 35. Kc1 Rxd3 0-1